| 000 | 00858nam a22002417a 4500 | ||
|---|---|---|---|
| 999 |
_c19862 _d19862 |
||
| 003 | AR-CdUCM | ||
| 008 | 190523b ||||| |||| 00| 0 spa d | ||
| 040 |
_aMUNICIPALIDAD PROVINCIAL DEL CUSCO _cBIBLIOTECA MUNICIPAL DEL CUSCO |
||
| 041 | _heng | ||
| 082 |
_a621.3832 / _bS31 |
||
| 100 |
_aSchilling, Donald L. _941522 |
||
| 245 |
_aCircuitos electrónicos : _bdiscretos e integrados / |
||
| 260 |
_aUSA : _c1973. |
||
| 300 |
_a576 páginas ; _bFormulas, _c21 cm. |
||
| 505 | _aContenido: Introducción -- Análisis de los circuitos con diodos -- Introducción a los circuitos con transistores. | ||
| 650 |
_aCircuitos electrónicos _919358 |
||
| 650 |
_aDiodos _941523 |
||
| 650 |
_aTransistor _922047 |
||
| 700 |
_aBelove, Charles _941524 |
||
| 700 |
_aCanals Casabó, Jaime (traducción) _941525 |
||
| 942 |
_2ddc _cLIBROS |
||
| 945 |
_adavv _d2019-05-23 |
||